Central Library OPAC University of Rajshahi

ছন্দ-পরিক্রমা / (Record no. 44669)

MARC details
000 -LEADER
fixed length control field 00814nam a2200229 a 4500
001 - CONTROL NUMBER
control field 44669
003 - CONTROL NUMBER IDENTIFIER
rucl marc code BD-RjUL
005 - DATE AND TIME OF LATEST TRANSACTION
control field 20211209053910.0
008 - FIXED-LENGTH DATA ELEMENTS--GENERAL INFORMATION
fixed length control field 160719s1977 ii ||||| |||| 00| 0 ben d
035 ## - SYSTEM CONTROL NUMBER
System control number (BD-RjUL) 44787
040 ## - CATALOGING SOURCE
Original cataloging agency BD-RjUL
Language of cataloging ben
Transcribing agency BD-RjUL
041 ## - LANGUAGE CODE
Language code of text/sound track or separate title ben
082 ## - DEWEY DECIMAL CLASSIFICATION NUMBER
Edition number 23
Author mark and year SEC 1977
Classification number 891.441
100 1# - MAIN ENTRY--PERSONAL NAME
Personal name সেন, প্রবোধচন্দ্র
9 (RLIN) 118302
245 10 - TITLE STATEMENT
Title ছন্দ-পরিক্রমা /
Statement of responsibility, etc. প্রবোধচন্দ্র সেন
250 ## - EDITION STATEMENT
Edition statement ২য় পরিবর্ধিত সং.
260 ## - PUBLICATION, DISTRIBUTION, ETC. (IMPRINT)
Place of publication, distribution, etc. কলিকাতা :
Name of publisher, distributor, etc. জিজ্ঞাসা,
Date of publication, distribution, etc. ১৯৭৭
300 ## - PHYSICAL DESCRIPTION
Pagination [২৯], ২৫৪ পৃ. ;
Size ২১ সেমি.
650 ## - SUBJECT ADDED ENTRY--TOPICAL TERM
Topical term or geographic name as entry element বাংলা কবিতা
9 (RLIN) 137005
Topical term or geographic name as entry element Bengali poetry
9 (RLIN) 137006
942 ## - ADDED ENTRY ELEMENTS (KOHA)
Source of classification or shelving scheme Dewey Decimal Classification
Koha item type Books
Holdings
Lost status Source of classification or shelving scheme Damaged status Not for loan Collection code Permanent Location Current Location Shelving location Date acquired Source of acquisition Cost, normal purchase price Total Checkouts Full call number Date last seen Date checked out Copy number Koha item type
  Dewey Decimal Classification     Non-fiction Central Library, University of Rajshahi Central Library, University of Rajshahi   29/12/1996 Ankur Prokashoni, Dhaka 50.00 5 B 891.441 SEC 1977 25/01/2026 18/01/2026 C-2 Books
  Dewey Decimal Classification     Non-fiction Central Library, University of Rajshahi Central Library, University of Rajshahi   29/12/1996 Ankor Dhaka 50.00   B 891.441 SEC 1977 30/10/2016   C-3 Books